Statistics for Groups of Three Quiz #1

Click here to take the quiz!

General Stats

  • This quiz has been taken 108,518 times
    (33,378 since last reset)
  • The average score is 33 of 60

Answer Stats

GroupAnswer% Correct
Triathlon EventsSwimming
91%
Triathlon EventsRunning
91%
Triathlon EventsCycling
89%
Three ChipmunksAlvin
85%
Main Protagonists of "Harry Potter"Harry Potter
83%
Holy Trinity of ChristianityFather
83%
Holy Trinity of ChristianityHoly Spirit
83%
Holy Trinity of ChristianitySon
82%
What to Do (if You're On Fire)Roll
80%
WWII Allied LeadersWinston Churchill
80%
Main Protagonists of "Harry Potter"Hermione Granger
79%
Most Populous Cities in the NetherlandsAmsterdam
79%
Main Protagonists of "Harry Potter"Ron Weasley
77%
Gifts of the Three WisemenGold
76%
The Three Rs of the EnvironmentRecycle
74%
What to Do (if You're On Fire)Drop
71%
The Three Rs of the EnvironmentReuse
71%
European Capitals Starting with RRome
71%
What to Do (if You're On Fire)Stop
68%
WWII Allied LeadersFranklin D. Roosevelt
68%
Non-Mammals in the Chinese ZodiacDragon
65%
Gifts of the Three WisemenFrankincense
65%
Columbus's ShipsSanta Maria
61%
Three ChipmunksTheodore
60%
Gifts of the Three WisemenMyrrh
59%
WWII Allied LeadersJoseph Stalin
58%
Non-Mammals in the Chinese ZodiacSnake
57%
The Three Rs of EducationReading
57%
Most Populous Cities in the NetherlandsRotterdam
55%
The Three Rs of the EnvironmentReduce
55%
Three ChipmunksSimon
54%
The Three Rs of EducationWriting
53%
Columbus's ShipsPinta
53%
Parts of the Freudian PsycheEgo
52%
European Capitals Starting with RRiga
51%
Columbus's ShipsNiña
50%
Parts of the Freudian PsycheId
48%
European Capitals Starting with RReykjavík
48%
The Three Rs of EducationArithmetic
47%
The Three TenorsLuciano Pavarotti
44%
1990s Rom-Coms with Tom Hanks and Meg RyanSleepless in Seattle
44%
1990s Rom-Coms with Tom Hanks and Meg RyanYou've Got Mail
43%
Parts of the Freudian PsycheSuperego
42%
Most Populous Cities in the NetherlandsThe Hague
41%
Parts of Dante's "Divine Comedy"Inferno
40%
Three MusketeersPorthos
34%
Non-Mammals in the Chinese ZodiacRooster
33%
Three MusketeersAramis
33%
Powerpuff GirlsBubbles
31%
Three MusketeersAthos
31%
Powerpuff GirlsButtercup
30%
Parts of Dante's "Divine Comedy"Paradiso
30%
Parts of Dante's "Divine Comedy"Purgatorio
27%
Powerpuff GirlsBlossom
27%
The Three TenorsPlacido Domingo
25%
Roshambo MovesRock
23%
Roshambo MovesPaper
22%
Roshambo MovesScissors
22%
The Three TenorsJose Carreras
16%
1990s Rom-Coms with Tom Hanks and Meg RyanJoe Versus the Volcano
13%

Score Distribution

Percentile by Number Answered

Percent of People with Each Score

Your Score History

You have not taken this quiz since the last reset